| 000 | 01062nac a22003011i 4500 | ||
|---|---|---|---|
| 003 | EG-ScBUE | ||
| 005 | 20240312130916.0 | ||
| 008 | 240312s1992 en ab f 001 0 eng d | ||
| 020 | _a9789231025969 | ||
| 020 | _a9231025961 | ||
| 040 |
_aEG-ScBUE _beng _erda _cEG-ScBUE _dEG-ScBUE |
||
| 082 | 0 | 4 |
_a938 _222 _bTER |
| 100 | 1 |
_aTerzi, Marinella, _eauthor. |
|
| 245 | 1 | 0 |
_aAncient Greece / _c[Marinella Terzi] |
| 264 | 1 |
_aChicago : _bChildrens Press, _c1992. |
|
| 300 |
_a33 pages : _bcolor illustrations, maps ; _c29 cm. |
||
| 336 |
_2rdacontent _atext _btxt |
||
| 337 |
_aunmediated _2rdamedia _bn |
||
| 338 |
_avolume _bnc _2rdacarrier |
||
| 490 | 0 | _aWorld Greece | |
| 500 | _aIncludes index. | ||
| 520 | _aDiscusses the culture of ancient Greece and examines the temples, statues, and other physical remains of that time. | ||
| 651 | 7 |
_aGreece _xCivilization _yTo 146 B.C. _xJuvenile literature. _2BUEsh |
|
| 651 | 7 |
_aGreece _xCivilization _yTo 146 B.C. _2BUEsh |
|
| 651 | 7 |
_aGreece _xAntiquities. _2BUEsh |
|
| 655 | _vReading book | ||
| 942 |
_cBB _2ddc |
||
| 999 |
_c7268 _d7268 |
||